[Event "POL-chT U19 2nd League"]
[Site "Iwonicz"]
[Date "2015.08.01"]
[Round "5.16"]
[White "Fus, Jakub"]
[Black "Musiala, Jakub"]
[Result "1-0"]
[WhiteElo "1725"]
[BlackElo "1451"]
[PlyCount "107"]
[EventDate "2015.07.25"]
[EventType "team-swiss"]
[EventRounds "11"]
[EventCountry "POL"]
[SourceTitle "EXT 2019"]
[Source "ChessBase"]
[SourceDate "2018.10.10"]
[SourceVersion "1"]
[SourceVersionDate "2018.10.10"]
[SourceQuality "1"]
[WhiteTeam "Warszawa UKS Czternastka U19"]
[BlackTeam "Wroclaw MUKS MDK Fabryczna U19"]
[WhiteTeamCountry "POL"]
[BlackTeamCountry "POL"]

1. d4 Nf6 2. Nf3 e6 3. c4 b6 4. g3 Bb7 5. Bg2 Bb4+ 6. Bd2 Bxd2+ 7. Qxd2 0-0 8. 0-0 d6 9. Qc2 h6 10. Nc3 Nbd7 11. e4 c5 12. d5 exd5 13. cxd5 Ne5 14. Rfe1 Qe7 15. Nh4 Ng6 16. Nf5 Qd7 17. Rad1 Rfe8 18. f4 Rad8 19. a4 Ba6 20. Ne3 Ng4 21. Nxg4 Qxg4 22. Qf2 Qd7 23. h4 f6 24. Kh2 Bc8 25. Re3 Nh8 26. Ree1 Nf7 27. h5 a6 28. Qe2 Qg4 29. Bf1 Qxe2+ 30. Bxe2 Re7 31. g4 Rde8 32. Kg3 f5 33. gxf5 Bxf5 34. Bxa6 Bd7 35. Bc4 Kf8 36. b3 Bc8 37. Bb5 Bd7 38. Bxd7 Rxd7 39. e5 dxe5 40. fxe5 Rde7 41. Kf4 Ng5 42. e6 Kg8 43. Kg4 Rd8 44. Re5 Nh7 45. Ne4 Nf6+ 46. Nxf6+ gxf6 47. Rf5 Kg7 48. Kf4 Rd6 49. Rg1+ Kh7 50. Rg6 Rd8 51. Rgxf6 Rg8 52. d6 Reg7 53. Rf7 Rxf7 54. exf7 1-0

[Event "POL-ch U10"]
[Site "Szczyrk"]
[Date "2013.03.04"]
[Round "8"]
[White "Kozlowski, Pawel"]
[Black "Musiala, Jakub"]
[Result "1-0"]
[WhiteElo "1457"]
[BlackElo "1303"]
[PlyCount "119"]
[EventDate "2013.03.04"]
[EventType "swiss"]
[EventRounds "9"]
[EventCountry "POL"]
[SourceTitle "EXT 2023"]
[Source "ChessBase"]
[SourceDate "2022.10.05"]
[SourceVersion "1"]
[SourceVersionDate "2022.10.05"]
[SourceQuality "1"]

1. f4 d5 2. Nf3 Nc6 3. b3 Nf6 4. Bb2 e6 5. e3 Bc5 6. Bb5 Bd7 7. 0-0 0-0 8. Bxc6 Bxc6 9. Qe1 Qe7 10. Qg3 Kh8 11. Re1 Rg8 12. d3 Nh5 13. Qg4 Nf6 14. Qh3 Rgf8 15. Nbd2 Ba3 16. Bc3 Bb4 17. Be5 Bd6 18. Ng5 h6 19. Ngf3 Bxe5 20. Nxe5 Nd7 21. Nf1 Kg8 22. Nf3 Nf6 23. Ng3 Bd7 24. Ne5 Rad8 25. Ne2 Qc5 26. Nd4 Qc3 27. Rac1 c5 28. Ne2 Qa5 29. a4 a6 30. g4 Qc7 31. Qg3 Bc6 32. h4 Nd7 33. Nf3 f6 34. g5 hxg5 35. hxg5 Kf7 36. Kf2 f5 37. Rh1 Rh8 38. g6+ Ke7 39. Rh7 Rdg8 40. Qh4+ Nf6 41. Rxh8 Rxh8 42. Qxh8 Ng4+ 43. Kg3 Kf6 44. Qh5 Ke7 45. Qh8 Kf6 46. Qf8+ Kxg6 47. Nh4+ Kh7 48. Nxf5 exf5 49. Qxf5+ g6 50. Qxg4 Kg7 51. Qg5 Be8 52. Qe5+ Qxe5 53. fxe5 Bd7 54. Rf1 Bf5 55. Rxf5 gxf5 56. Kf4 Kg6 57. Ng3 b5 58. axb5 axb5 59. Nxf5 d4 60. exd4 1-0